[Event "FBL 1"]
[Site "?"]
[Date "2019.03.02"]
[Round "10.5"]
[White "Ankerst, Milka"]
[Black "Sherif, Amina"]
[Result "1-0"]
[WhiteElo "1996"]
[BlackElo "1954"]
[PlyCount "65"]
[EventDate "2018.10.27"]
[EventType "team-tourn"]
[EventCountry "GER"]
[WhiteTeam "Muenchen FC Bayern"]
[BlackTeam "Norderstedt TuRa Harksheide"]
[WhiteTeamCountry "GER"]
[BlackTeamCountry "GER"]

1. e4 c5 2. Nf3 e6 3. d3 Nc6 4. g3 d5 5. Nbd2 Nf6 6. Bg2 Be7 7. O-O Qc7 8. Re1
b6 9. e5 Nd7 10. Qe2 Bb7 11. c3 O-O-O 12. Nf1 Rdg8 13. Bd2 g5 14. h3 g4 15.
hxg4 Rxg4 16. N1h2 Rg7 17. b4 cxb4 18. cxb4 Bxb4 19. Bxb4 Nxb4 20. Rac1 Nc6 21.
Nd4 Ndb8 22. Nb5 Qd7 23. Nxa7+ Kd8 24. Qb2 Ke8 25. Qxb6 h5 26. Nb5 Kf8 27. Nf3
Kg8 28. a4 h4 29. Nxh4 Rxh4 30. gxh4 d4 31. Kf1 Rxg2 32. Nd6 Rh2 33. Qxb7 1-0

[Event "FBL 1"]
[Site "?"]
[Date "2019.03.03"]
[Round "11.2"]
[White "Cornette, Deimante"]
[Black "Cmilyte, Viktorija"]
[Result "1/2-1/2"]
[WhiteElo "2457"]
[BlackElo "2542"]
[PlyCount "71"]
[EventDate "2018.10.27"]
[EventType "team-tourn"]
[EventCountry "GER"]
[WhiteTeam "Schwaebisch Hall SK"]
[BlackTeam "Baden Baden OSG"]
[WhiteTeamCountry "GER"]
[BlackTeamCountry "GER"]

1. e4 c5 2. Nf3 Nc6 3. Nc3 e5 4. Bc4 g6 5. a3 d6 6. d3 h6 7. O-O Bg7 8. b4 Nge7
9. Rb1 O-O 10. Nd5 b6 11. c3 Be6 12. Be3 Kh7 13. d4 cxd4 14. cxd4 Bxd5 15. exd5
Nxd4 16. Nxd4 exd4 17. Bxd4 Bxd4 18. Qxd4 Nf5 19. Qf4 a5 20. Bd3 Ne7 21. Qd4
axb4 22. axb4 Qd7 23. Rfe1 Rfe8 24. h4 h5 25. Rbd1 b5 26. Re3 Nf5 27. Bxf5 Qxf5
28. Rf3 Qd7 29. Rf6 Re5 30. Qb6 Rae8 31. Qxd6 Re1+ 32. Rxe1 Rxe1+ 33. Kh2 Qxd6+
34. Rxd6 Re4 35. g3 Rxb4 36. Rb6 1/2-1/2

[Event "FBL 1"]
[Site "?"]
[Date "2019.03.03"]
[Round "11.3"]
[White "Stefanova, Antoaneta"]
[Black "Kashlinskaya, Alina"]
[Result "1/2-1/2"]
[WhiteElo "2493"]
[BlackElo "2470"]
[PlyCount "88"]
[EventDate "2018.10.27"]
[EventType "team-tourn"]
[EventCountry "GER"]
[WhiteTeam "Baden Baden OSG"]
[BlackTeam "Schwaebisch Hall SK"]
[WhiteTeamCountry "GER"]
[BlackTeamCountry "GER"]

1. d4 Nf6 2. Bf4 d5 3. e3 e6 4. Nd2 c5 5. Ngf3 Nc6 6. c3 Bd6 7. Bg3 O-O 8. Bd3
b6 9. Qe2 Bb7 10. Rd1 Ne8 11. a3 c4 12. Bc2 f5 13. Ne5 b5 14. f4 a5 15. Ndf3 b4
16. Ba4 Qc8 17. Ra1 Nf6 18. Ng5 Ne7 19. Bh4 Ra6 20. O-O Bc6 21. Bxc6 Nxc6 22.
axb4 axb4 23. Rxa6 Qxa6 24. Nxe6 Re8 25. Nxg7 Kxg7 26. Bxf6+ Kxf6 27. Qh5 Bxe5
28. Qxe8 Bd6 29. Qh8+ Ke6 30. Qg8+ Kd7 31. Qxd5 Ne7 32. Qf7 Qa2 33. cxb4 Qb3
34. Kh1 Qd3 35. Ra1 Qxe3 36. Qxc4 Qxf4 37. g3 Qe4+ 38. Kg1 Nd5 39. b5 Qe3+ 40.
Kg2 Qe4+ 41. Kf2 Qe3+ 42. Kg2 Qe4+ 43. Kf2 Qe3+ 44. Kg2 Qe4+ 1/2-1/2

[Event "FBL 1"]
[Site "?"]
[Date "2019.03.03"]
[Round "11.4"]
[White "Atalik, Ekaterina"]
[Black "Zatonskih, Anna"]
[Result "1/2-1/2"]
[WhiteElo "2450"]
[BlackElo "2430"]
[PlyCount "56"]
[EventDate "2018.10.27"]
[EventType "team-tourn"]
[EventCountry "GER"]
[WhiteTeam "Schwaebisch Hall SK"]
[BlackTeam "Baden Baden OSG"]
[WhiteTeamCountry "GER"]
[BlackTeamCountry "GER"]

1. d4 d5 2. c4 e6 3. Nc3 Nf6 4. Nf3 Be7 5. g3 O-O 6. Bg2 b6 7. O-O Bb7 8. cxd5
exd5 9. Bf4 Nh5 10. Ne5 Nxf4 11. gxf4 c6 12. e3 f6 13. Nd3 Na6 14. f5 Nc7 15.
Ne2 Qd7 16. Ng3 Ba6 17. Re1 Bd6 18. Rc1 Rac8 19. Bf1 Kh8 20. Qg4 g5 21. Nh5
Bxd3 22. Bxd3 c5 23. dxc5 bxc5 24. Red1 c4 25. Bf1 Qe7 26. Ng3 Rb8 27. Rc2 Be5
28. e4 dxe4 1/2-1/2

[Event "FBL 1"]
[Site "?"]
[Date "2019.03.03"]
[Round "11.5"]
[White "Kachiani Gersinska, Ketino"]
[Black "Bulmaga, Irina"]
[Result "0-1"]
[WhiteElo "2304"]
[BlackElo "2424"]
[PlyCount "134"]
[EventDate "2018.10.27"]
[EventType "team-tourn"]
[EventCountry "GER"]
[WhiteTeam "Baden Baden OSG"]
[BlackTeam "Schwaebisch Hall SK"]
[WhiteTeamCountry "GER"]
[BlackTeamCountry "GER"]

1. Nf3 Nf6 2. c4 e6 3. g3 b6 4. Bg2 Bb7 5. O-O Be7 6. Nc3 O-O 7. d4 Ne4 8. Bd2
d6 9. d5 Nxd2 10. Qxd2 e5 11. b4 a5 12. a3 Nd7 13. e4 g6 14. Bh3 Bf6 15. Rfb1
Kg7 16. Qc2 h5 17. Nd1 h4 18. Ne3 Rh8 19. Bxd7 Qxd7 20. g4 h3 21. b5 Qd8 22.
Kf1 Bg5 23. Nxg5 Qxg5 24. Ke2 Qf4 25. Rg1 Bc8 26. Rg3 Bd7 27. Rag1 Kf8 28. Rf3
Qg5 29. Qd2 f6 30. Nf1 Bxg4 31. Qxg5 Bxf3+ 32. Kxf3 fxg5 33. Ne3 Rh4 34. Ng4
Kg7 35. Ke3 Rf8 36. f3 Rf4 37. Rg3 Rh5 38. Kf2 Rh4 39. Ke3 Rhxg4 40. fxg4 Rf1
41. Rxh3 Ra1 42. Kd2 Ra2+ 43. Kd1 Rg2 44. Rg3 Rxh2 45. c5 bxc5 46. b6 cxb6 47.
Rb3 Rg2 48. Rxb6 Rxg4 49. Rxd6 Rxe4 50. Rc6 Rd4+ 51. Ke2 Rxd5 52. Kf3 Rd3+ 53.
Kg4 Rxa3 54. Rxc5 e4 55. Re5 Kf6 56. Rxe4 Rb3 57. Re8 Rb4+ 58. Kg3 a4 59. Kf3
g4+ 60. Kg3 Kf5 61. Rf8+ Kg5 62. Ra8 Rb3+ 63. Kg2 a3 64. Kf2 g3+ 65. Kg2 Kf4
66. Ra4+ Ke3 67. Kxg3 Kd2+ 0-1

[Event "FBL 1"]
[Site "?"]
[Date "2019.03.03"]
[Round "11.4"]
[White "Goehler, Antje"]
[Black "Belenkaya, Dina"]
[Result "0-1"]
[WhiteElo "2099"]
[BlackElo "2360"]
[PlyCount "124"]
[EventDate "2018.10.27"]
[EventType "team-tourn"]
[EventCountry "GER"]
[WhiteTeam "Berlin SC Rotation Pankow"]
[BlackTeam "Koenigshofen SC"]
[WhiteTeamCountry "GER"]
[BlackTeamCountry "GER"]

1. d4 d5 2. Nf3 Nf6 3. c4 dxc4 4. e3 e6 5. Bxc4 a6 6. O-O c5 7. dxc5 Bxc5 8.
Qxd8+ Kxd8 9. Rd1+ Ke7 10. b3 Bd7 11. Bb2 Rc8 12. Nbd2 Bb5 13. Rac1 Nbd7 14. a4
Bxc4 15. Nxc4 Bb4 16. Nfe5 Nxe5 17. Nxe5 g5 18. Kf1 h5 19. Rc4 Rxc4 20. Nxc4
Rc8 21. Bxf6+ Kxf6 22. Nd6 Rc6 23. Ne4+ Kg6 24. Rd4 Rb6 25. f4 gxf4 26. exf4 f5
27. Nf2 Bc3 28. Rd3 Rxb3 29. Nd1 Rb1 30. Rxc3 Rxd1+ 31. Ke2 Rb1 32. Rc7 a5 33.
Re7 Kf6 34. Rh7 Rb4 35. Rh6+ Kf7 36. Rxh5 Kg6 37. Rg5+ Kf6 38. g3 Rxa4 39. h4
Ra2+ 40. Kd3 b5 41. Kc3 b4+ 42. Kb3 Ra3+ 43. Kb2 Rd3 44. h5 a4 45. h6 Rd2+ 46.
Kc1 Rh2 47. Rg8 Rxh6 48. Rf8+ Ke7 49. Rb8 Rh1+ 50. Kb2 Rh2+ 51. Kb1 b3 52. Rb4
Ra2 53. Rb6 Kd7 54. Kc1 Kc7 55. Ra6 a3 56. Kb1 Kb7 57. Ra4 Kc6 58. Ra8 Kc5 59.
Ra4 Kb5 60. Ra8 Kc4 61. Ra6 Rb2+ 62. Ka1 Rg2 0-1

[Event "FBL 1"]
[Site "?"]
[Date "2019.03.03"]
[Round "11.2"]
[White "Schleining, Zoya"]
[Black "Muetsch, Annmarie"]
[Result "1-0"]
[WhiteElo "2344"]
[BlackElo "2249"]
[PlyCount "85"]
[EventDate "2018.10.27"]
[EventType "team-tourn"]
[EventCountry "GER"]
[WhiteTeam "Deizisau SF"]
[BlackTeam "Karlsruher SF"]
[WhiteTeamCountry "GER"]
[BlackTeamCountry "GER"]

1. d4 Nf6 2. Nf3 g6 3. c4 Bg7 4. Nc3 O-O 5. e4 d6 6. Be3 e5 7. d5 Ng4 8. Bg5 f6
9. Bh4 h5 10. h3 Nh6 11. Nd2 c5 12. Be2 Na6 13. a3 Nf7 14. g4 hxg4 15. Bxg4 Nh6
16. Bxc8 Qxc8 17. Qe2 g5 18. Bg3 Kf7 19. Nf1 Ke7 20. h4 g4 21. Ne3 Qd7 22. h5
Rg8 23. Bh4 Nc7 24. O-O-O b5 25. cxb5 Rab8 26. a4 a6 27. bxa6 Ra8 28. f3 g3 29.
Rdg1 Bh8 30. Rxg3 Rxg3 31. Bxg3 Nxa6 32. Qb5 Qa7 33. Nc4 Nb4 34. Qb6 Qd7 35.
Qb5 Qc7 36. Qb6 Qd7 37. Na5 Ra6 38. Nc6+ Qxc6 39. Qxc6 Nxc6 40. dxc6 Rxc6 41.
b3 Bg7 42. Bf2 Nf7 43. Be3 1-0

[Event "FBL 1"]
[Site "?"]
[Date "2019.03.03"]
[Round "11.2"]
[White "Santeramo, Alessia"]
[Black "Khademalsharieh, Sarasadat"]
[Result "0-1"]
[WhiteElo "2060"]
[BlackElo "2482"]
[PlyCount "68"]
[EventDate "2018.10.27"]
[EventType "team-tourn"]
[EventCountry "GER"]
[WhiteTeam "Muenchen FC Bayern"]
[BlackTeam "Hamburger SK"]
[WhiteTeamCountry "GER"]
[BlackTeamCountry "GER"]

1. e4 e5 2. Nf3 Nc6 3. Bb5 g6 4. d4 exd4 5. Bg5 Be7 6. Bxe7 Qxe7 7. Bxc6 dxc6
8. Qxd4 Nf6 9. Nc3 Bg4 10. O-O-O Bxf3 11. gxf3 O-O 12. Qe3 Nh5 13. Ne2 Qe5 14.
h4 Rae8 15. Rhg1 Qf6 16. Ng3 Re5 17. Nf5 Kh8 18. Qh6 Rfe8 19. Rd7 Qe6 20. Re7
Qxa2 21. Rxe5 Qa1+ 22. Kd2 Rd8+ 23. Kc3 Qxg1 24. Qd2 Rf8 25. Nh6 Qh1 26. Qe3
Qxh4 27. Qc5 Kg7 28. Rg5 Ng3 29. fxg3 Qxh6 30. f4 f6 31. Qd4 Qh3 32. Kb4 b6 33.
Qc3 Kg8 34. Qc4+ Rf7 0-1

[Event "FBL 1"]
[Site "?"]
[Date "2019.03.03"]
[Round "11.5"]
[White "Fuchs, Judith"]
[Black "Stangl, Anita"]
[Result "1-0"]
[WhiteElo "2256"]
[BlackElo "2008"]
[PlyCount "61"]
[EventDate "2018.10.27"]
[EventType "team-tourn"]
[EventCountry "GER"]
[WhiteTeam "Hamburger SK"]
[BlackTeam "Muenchen FC Bayern"]
[WhiteTeamCountry "GER"]
[BlackTeamCountry "GER"]

1. d4 e6 2. Bf4 d5 3. e3 f5 4. c4 c6 5. Nc3 Nf6 6. Bd3 Be7 7. h3 O-O 8. Nf3 Ne4
9. Qb3 b6 10. cxd5 cxd5 11. Ne5 Bf6 12. Rc1 Nxc3 13. Rxc3 Nd7 14. Bxf5 Nxe5 15.
dxe5 Bh4 16. Bb1 Ba6 17. Qa4 Bc4 18. g3 g5 19. Qc2 Rf7 20. Rg1 gxf4 21. gxh4+
Kf8 22. Rg4 f3 23. Qc1 h5 24. Rg5 Rg7 25. e4 Qe7 26. Rxf3+ Rf7 27. Rxf7+ Qxf7
28. b3 Ba6 29. Qa3+ Ke8 30. Qxa6 Qf3 31. Rg8+ 1-0

[Event "FBL 1"]
[Site "?"]
[Date "2019.03.03"]
[Round "11.3"]
[White "Mar, Karmen"]
[Black "Duessler, Stefanie"]
[Result "0-1"]
[WhiteElo "2033"]
[BlackElo "2105"]
[PlyCount "188"]
[EventDate "2018.10.27"]
[EventType "team-tourn"]
[EventCountry "GER"]
[WhiteTeam "Hofheim SV"]
[BlackTeam "Lehrte SK"]
[WhiteTeamCountry "GER"]
[BlackTeamCountry "GER"]

1. e4 c5 2. Nf3 e6 3. g3 Nc6 4. Bg2 g6 5. d4 Bg7 6. dxc5 Qa5+ 7. c3 Qxc5 8. O-O
Nf6 9. Qe2 d5 10. Nbd2 Nxe4 11. Nxe4 dxe4 12. Qxe4 O-O 13. Rd1 e5 14. Qh4 f6
15. Be3 Qe7 16. b4 Re8 17. Bc5 Qf7 18. Ne1 Be6 19. b5 Nd8 20. Qb4 Bf8 21. Nc2
Rc8 22. Bd6 Bxd6 23. Rxd6 Qc7 24. Rad1 Nf7 25. R6d2 f5 26. Ne3 e4 27. c4 Qc5
28. Qb2 Ne5 29. Nd5 Nxc4 30. Nf6+ Kf7 31. Qa1 Nxd2 32. Nxe8 Rxe8 33. Rxd2 Rc8
34. Bf1 Qc3 35. Qe1 Rc7 36. h4 Ke7 37. a4 Kf6 38. Qd1 Qc1 39. Qxc1 Rxc1 40. Kg2
Ra1 41. Rd4 Ke5 42. Rb4 b6 43. Bc4 Bd5 44. Bxd5 Kxd5 45. Rb2 Rxa4 46. Rd2+ Rd4
47. Ra2 Kc5 48. Rxa7 h5 49. Re7 Rd6 50. Re5+ Kd4 51. Re8 Kd5 52. Rc8 Re6 53.
Rc3 Kd4 54. Rc6 Ke5 55. Rc8 f4 56. gxf4+ Kxf4 57. Rc6 Ke5 58. Rc8 Rf6 59. Rc7
Kf5 60. Kg3 g5 61. hxg5 Kxg5 62. Rc6 h4+ 63. Kg2 Kf5 64. Rc8 Kf4 65. Rc6 Ke5
66. Rc8 h3+ 67. Kxh3 Rxf2 68. Kg3 Rf6 69. Rc3 Rd6 70. Kf2 Rd5 71. Rb3 Rd2+ 72.
Ke3 Rh2 73. Rb4 Rh3+ 74. Ke2 Kd5 75. Kd2 Rd3+ 76. Ke2 Rd4 77. Rb1 Kc5 78. Ke3
Rb4 79. Rh1 Kxb5 80. Rh8 Rc4 81. Rb8 Ka5 82. Ra8+ Kb4 83. Ra1 b5 84. Rb1+ Kc5
85. Rh1 b4 86. Rh5+ Kc6 87. Rh8 Kb5 88. Ra8 b3 89. Rb8+ Ka4 90. Ra8+ Kb4 91.
Kd2 b2 92. Rb8+ Ka3 93. Ra8+ Kb3 94. Rb8+ Rb4 0-1

[Event "FBL 1"]
[Site "?"]
[Date "2019.03.03"]
[Round "11.1"]
[White "Unuk, Laura"]
[Black "Bodnaruk, Anastasia"]
[Result "0-1"]
[WhiteElo "2266"]
[BlackElo "2422"]
[PlyCount "150"]
[EventDate "2018.10.27"]
[EventType "team-tourn"]
[EventCountry "GER"]
[WhiteTeam "Norderstedt TuRa Harksheide"]
[BlackTeam "Rodewischer Schachmiezen"]
[WhiteTeamCountry "GER"]
[BlackTeamCountry "GER"]

1. d4 Nf6 2. c4 g6 3. Nc3 Bg7 4. e4 d6 5. Nf3 O-O 6. Be2 e5 7. O-O Nc6 8. d5
Ne7 9. b4 a5 10. Ba3 axb4 11. Bxb4 b6 12. a4 Ne8 13. Qd3 Kh8 14. Rfd1 f5 15. a5
fxe4 16. Nxe4 bxa5 17. Bxa5 Bf5 18. Nfg5 Qc8 19. Qe3 h6 20. Nf3 Bxe4 21. Qxe4
Nf6 22. Qb1 Nf5 23. Bc3 c6 24. dxc6 Rxa1 25. Qxa1 Ne4 26. Be1 Qxc6 27. Qa7 Nc5
28. Bf1 e4 29. Nd2 Qe8 30. Qa2 Qe7 31. Nb3 e3 32. Nxc5 dxc5 33. Qe2 Bd4 34. Rd3
Qe5 35. g4 Nh4 36. fxe3 Nf3+ 37. Kh1 Nxe1 38. Qxe1 Qe4+ 39. Kg1 Re8 40. Kf2
Qf4+ 41. Kg2 Qe4+ 42. Kf2 Qxg4 43. Qe2 Rf8+ 44. Ke1 Qh4+ 45. Kd1 Ra8 46. Rd2
Ra1+ 47. Kc2 Qe4+ 48. Qd3 Qb7 49. Qb3 Rc1+ 50. Kxc1 Qxb3 51. exd4 cxd4 52. Rc2
d3 53. Bxd3 Qxd3 54. c5 Qf1+ 55. Kd2 Qg2+ 56. Kd3 Qd5+ 57. Ke3 Qc6 58. Kd4 Kg7
59. Rc3 Kf6 60. Rb3 Qa4+ 61. Kc3 Ke5 62. Rb4 Qa3+ 63. Kc4 Qc1+ 64. Kd3 Qxc5 65.
Re4+ Kf5 66. Re2 Kf4 67. Re4+ Kf3 68. Rc4 Qf5+ 69. Kd2 g5 70. Rc3+ Kg2 71. h3
h5 72. Re3 g4 73. hxg4 hxg4 74. Re2+ Kh3 75. Ke1 g3 0-1